Statistiques concernant Game of the Year

Cliquez ici pour prendre le quiz!

Statistiques générales

  • Ce quiz a été pris 120 fois
    (45 depuis la dernière actualisation)
  • Le résultat moyen est 9 sur 21

Statistiques - réponses

DateTitre du Jeu (complet)% Correct
2022Elden Ring
75%
2008Grand Theft Auto IV
75%
2013Grand Theft Auto V
75%
2023Baldur's Gate 3
73%
2004Grand Theft Auto : San Andreas
73%
2018God of War
68%
2020The Last of Us Part II
68%
2017The Legend of Zelda : Breath of the WIld
50%
2019Sekiro : Shadows Die Twice
48%
2011The Elder Scrolls V : Skyrim
48%
2015The Witcher 3 : Wild Hunt
48%
2010Red Dead Redemption
40%
2009Uncharted 2 : Among Thieves
40%
2021It Takes Two
35%
2016Overwatch
33%
2005Resident Evil 4
28%
2006The Elder Scrolls IV : Oblivion
18%
2007BioShock
15%
2014Dragon Age : Inquisition
13%
2003Madden NFL
8%
2012The Walking Dead
3%

Distribution des résultats

Percentile par nombre de réponses

% des personnes avec chaque résultat

Votre développement - résultats

Vous n’avez pas pris ce quiz depuis la dernière actualisation